Quick Pick: 'G' Movies Quiz Stats

Quiz Updated May 31, 2016

Challenge
Share
Tweet
Embed
Score 0/20 Timer 01:30
3 Plays Today
% Correct
Gone
97.5%
Great
97.2%
Guess
96.5%
Ghost
96.3%
Guardians
96.1%
Good
96%
Green
95.8%
Get
95.1%
Grumpy
95%
Gran
94.9%
% Correct
Grown
94.9%
George
94.8%
Gangs
94.7%
Grapes
93.5%
Groundhog
93%
Girl
92%
Glory
91.4%
Garden
90.8%
Gorillas
88%
Glass
87.9%

Today's Daily Dose

You're not logged in!

Compare scores with friends on all Sporcle quizzes.
Sign Up with Email
OR
Log In

You Might Also Like...

Show Comments

Extras

Top Quizzes Today


Score Distribution

Your Account Isn't Verified!

In order to create a playlist on Sporcle, you need to verify the email address you used during registration. Go to your Sporcle Settings to finish the process.